Theory of Structures (Record no. 5687)

MARC details
000 -LEADER
fixed length control field 00350nam a2200145Ia 4500
008 - FIXED-LENGTH DATA ELEMENTS--GENERAL INFORMATION
fixed length control field 191201s1989 xx 000 0 und d
082 ## - DEWEY DECIMAL CLASSIFICATION NUMBER
Classification number 624.17
Item number RAT
100 ## - MAIN ENTRY--PERSONAL NAME
Personal name RAMAMRUTHAM, S
245 #0 - TITLE STATEMENT
Title Theory of Structures
250 ## - EDITION STATEMENT
Edition statement Rep
260 ## - PUBLICATION, DISTRIBUTION, ETC. (IMPRINT)
Place of publication, distribution, etc N. Delhi
Name of publisher, distributor, etc Dhanpat Rai Pub (P) Ltd
Date of publication, distribution, etc 1989
300 ## - PHYSICAL DESCRIPTION
Extent 1272
650 ## - SUBJECT ADDED ENTRY--TOPICAL TERM
Topical term or geographic name as entry element B.Tech(CE)
942 ## - ADDED ENTRY ELEMENTS (KOHA)
Source of classification or shelving scheme Dewey Decimal Classification
Koha item type Text Books
Holdings
Withdrawn status Lost status Source of classification or shelving scheme Damaged status Not for loan Collection code Home library Current library Date acquired Source of acquisition Cost, normal purchase price Bill Number Total Checkouts Full call number Acc. no. / Barcode Date last seen Date last borrowed Bill Date Koha item type
    Dewey Decimal Classification     B.Tech(CE) PIET C-LIBRARY PIET C-LIBRARY 14/05/2013 IBH, New Delhi 640.00 1209 2 624.171 RAT 22198 17/06/2025 16/06/2025 09/05/2013 Text Books
    Dewey Decimal Classification     B.Tech(CE) PIET C-LIBRARY PIET C-LIBRARY 14/05/2013 IBH, New Delhi 640.00 1209 6 624.171 RAT 22199 25/11/2025 13/11/2025 09/05/2013 Text Books
    Dewey Decimal Classification     B.Tech(CE) PIET C-LIBRARY PIET C-LIBRARY 14/05/2013 IBH, New Delhi 640.00 1209 5 624.171 RAT 22200 12/06/2025 29/05/2025 09/05/2013 Text Books
    Dewey Decimal Classification     B.Tech(CE) PIET C-LIBRARY PIET C-LIBRARY 14/05/2013 IBH, New Delhi 640.00 1209   624.171 RAT 22201 04/12/2019   09/05/2013 Text Books
    Dewey Decimal Classification     B.Tech(CE) PIET C-LIBRARY PIET C-LIBRARY 14/05/2013 IBH, New Delhi 640.00 1209 4 624.171 RAT 22202 19/06/2025 12/06/2025 09/05/2013 Text Books

Design & Developed by: PIET Central Library
R70 Miles Stone Pattikalyana Samalkha Panipat 132102
mail ID :- [email protected], Phone No:- 0180-2569700 Ex.216